Triết học Mác-Lênin : Chương trình cao cấp

Nội dung giới thiệu khái lược về triết học và sự phát triển của triết học trong lịch sử. Những nguyên lý cơ bản của triết học Mác - Lênin.

Na minha lista:
Detalhes bibliográficos
Autor principal: Nguyễn, Ngọc Long
Formato: Livro
Idioma:Undetermined
Publicado em: Hà Nội Chính Trị Quốc Gia 1994
Assuntos:
Tags: Adicionar Tag
Sem tags, seja o primeiro a adicionar uma tag!
Thư viện lưu trữ: Trung tâm Học liệu Trường Đại học Cần Thơ
LEADER 00854nam a2200217Ia 4500
001 CTU_223956
008 210402s9999 xx 000 0 und d
020 |c 10000 
082 |a 335.411 
082 |b L431/T.1 
100 |a Nguyễn, Ngọc Long 
245 0 |a Triết học Mác-Lênin : 
245 0 |b Chương trình cao cấp 
245 0 |c Nguyễn Ngọc Long (Chủ biên) 
260 |a Hà Nội 
260 |b Chính Trị Quốc Gia 
260 |c 1994 
520 |a Nội dung giới thiệu khái lược về triết học và sự phát triển của triết học trong lịch sử. Những nguyên lý cơ bản của triết học Mác - Lênin. 
650 |a Triết học Mác,Philosophy, Marxist 
910 |b dqhieu 
980 |a Trung tâm Học liệu Trường Đại học Cần Thơ